Gaming Quiz

Random Gaming or Toys Quiz

Images for Every Subcategory: Gaming Quiz Stats

 Plays Quiz Updated Jul 19, 2018

Score 0/12 Timer 06:00
15 Plays Today
Question Answer Wrong Answers
Video Games
Which of these characters is associated with Sega?
Sonic
80.5%
Crash
1.9%
Master Chief
1.8%
Spyro
2.5%
Pokémon
Which of these Generation I Pokémon was NOT a starter?
Poliwag
76.5%
Squirtle
2.6%
Charmander
4%
Bulbasaur
3.7%
Mario
Which of these villains is a Goomba?
Goomba
75.5%
Koopa Troopa
5.8%
Shy Guy
4.3%
Birdo
1.8%
Console
Which of these consoles, the best selling of all time, was made by Sony?
PS2
73.9%
Xbox
5.3%
Atari2600
2.3%
Dreamcast
7.4%
Board Games
Which of these Monopoly pieces was NOT added in 2017?
Scottie Dog
65.8%
TRex
22%
Rubber Duck
7%
Penguin
5.3%
Minecraft
Which of these blocks is lapis lazuli?
Lapis
60.8%
Redstone
6.2%
Iron
5.1%
Diamond
15.1%
Final Fantasy
Which of these characters is Cloud Strife, hero of Final Fantasy VII?
Cloud
56.6%
Sephiroth
25.1%
Vincent
3.4%
Barret
3.2%
Card Games
Which of these hands would win a game of poker?
Four of a Kind
50.7%
Full House
6.5%
Flush
7.7%
Straight
24.4%
Toys
Which of these toy fads hit peak popularity in the 1980s?
Rubik's Cube
50.6%
Hula Hoop
8.5%
Pet Rock
12%
Tamagotchi
15.7%
Nintendo
Which of these characters made their debut in a game for the original NES?
Pit
35.6%
Olimar
8.7%
Splatoon
5.4%
Fox McCloud
37.2%
League of Legends
Which League of Legends map is Summoner's Rift?
Rift
32.2%
Treeline
14.3%
Abyss
25.3%
Scar
16%
Legend of Zelda
Which of these characters is NOT one of the Sages from Ocarina of Time?
King Zora
27.6%
Rauru
14%
Impa
24.9%
Darunia
20.9%

You're not logged in!

Compare scores with friends on all Sporcle quizzes.
OR
Log In

Sporcle TV

Today on Sporcle TV


Watch our educational content, quiz creation guides, and fun videos on Sporcle TV.

Show Comments

Extras

Top Quizzes Today


Score Distribution

Your Account Isn't Verified!

In order to create a playlist on Sporcle, you need to verify the email address you used during registration. Go to your Sporcle Settings to finish the process.

Report this User

Report this user for behavior that violates our Community Guidelines.

Details: